| 000 | 00476cam a2200193ua 4500 | ||
|---|---|---|---|
| 020 | _c2.00 | ||
| 041 |
_ahin _h |
||
| 082 |
_a891.54 _bPRA/HI |
||
| 100 | _aPrabhakar, Machve . | ||
| 245 |
_aHindi kavya ki pravarthiyam / _cPrabhakar Machve. _hTextual Documents |
||
| 250 |
_a2 / _b. |
||
| 260 |
_aDelhi : _bRajkamal Prakash , _c1958. |
||
| 300 | _a110 ; . | ||
| 365 | _a2.00 | ||
| 504 | _a | ||
| 700 | 1 | _aJagdeesh , Gupta . | |
| 942 | _cBK | ||
| 999 |
_c7979 _d7979 |
||